000 01085cam a2200217 4500
001 WB3808-27
008 020228n2002 000 0 eng u
035 _a(Sirsi) u116906
245 _aLand Registration Act
260 _c2002
490 _aRICS Residential Faculty News
_v 28 February 2002, (2)
520 _aThe Land Registration Bill received Royal Assent on 26 February 2002. The Act reforms the existing land registration system and introduces electronic conveyancing (e-conveyancing) through the Land Registry. The Act provides a framework for transferring and creating interests in registered land by e-conveyancing of formal documents. It is recommended that access to the e-conveyancing network should be controlled by the Land Registry. The Lord Chancellor would be able to regulate the way in which electronic transactions are carried out.
590 _aWB
650 _aLAND REGISTRATION ACT 2002
650 _aLAND REGISTRATION BILL
650 _aECONVEYANCING
650 _aECONVEYANCING
650 _aHM LAND REGISTRY
690 _aPROPERTY
942 _n0
999 _c69640
_d69640